Seminárny kostol už neohrozuje chodcov

Podrobná bibliografia
Hlavný autor: Sambor, Miroslav (Autor)
Médium: Článok
Jazyk:slovenčina
Fyzický popis:Fotogr.
ISSN:1335-4566
Predmet:

MARC

LEADER 00000nab a2200000 a 4500
001 vtls010207128
003 SK-MaSNL
005 20260305001403.0
008 171108c20110128xo drz 0 0slo
038 |a KEVKJB 
040 |a KEVKJB  |b slo  |c KEVKJB  |e AACR2 
041 0 |a slo 
044 |a xo  |c SK 
080 |a 726.54  |2 2001 
100 1 |a Sambor, Miroslav  |4 aut  |9 872736 
245 1 0 |a Seminárny kostol už neohrozuje chodcov  |c Miroslav Sambor 
300 |b Fotogr. 
610 2 7 |a Kostol sv. Antona Paduánskeho (Košice, Slovensko)  |2 kevkjb  |9 99182 
610 2 7 |a Villard (Bratislava, Slovensko)  |2 kevkjb  |9 113099 
650 0 7 |a kostoly  |x reštaurovanie  |2 kevkjb  |9 1098455 
651 7 |a Košice (Slovensko)  |2 kevkjb  |9 18694 
773 0 |t Košický Korzár  |g Roč. XIV., č. 22 (28.1.2011), s. 4  |x 1335-4566 
852 |a KEVKJB  |b KIS3GCP 
958 |a NT 
999 |c 3219071  |d 3221001